Determinación de la estructura del 12C y efectos de la corrección del movimiento del centro de masas (Record no. 180628)

MARC details
000 -LEADER
campo de control de longitud fija 00910nam a2200205 i 4500
001 - NÚMERO DE CONTROL
campo de control 180628
003 - IDENTIFICADOR DE NÚMERO DE CONTROL
campo de control ES-MaACL
005 - FECHA Y HORA DE LA ÚLTIMA TRANSACCIÓN
campo de control 20230906221140.0
008 - DATOS DE LONGITUD FIJA--INFORMACIÓN GENERAL
campo de control de longitud fija 120619s1976 sp | |||| ||spa d
080 ## - NÚMERO DE LA CLASIFICACIÓN DECIMAL UNIVERSAL
Número de la Clasificación Decimal Universal 539.12(043.2)
100 1# - ENTRADA PRINCIPAL--NOMBRE DE PERSONA
Nombre de persona García Roger, Joaquín.
9 (RLIN) 150643
245 10 - MENCIÓN DEL TÍTULO
Título Determinación de la estructura del 12C y efectos de la corrección del movimiento del centro de masas
Resto del título : resumen de tesis presentada para aspirar al grado de Doctor en Física /
Mención de responsabilidad, etc. por Joaquín García Roger.
260 ## - PUBLICACIÓN, DISTRIBUCIÓN, ETC.
Lugar de publicación, distribución, etc. Barcelona :
Nombre del editor, distribuidor, etc. Universidad de Barcelona, Secretariado de Publicaciones, Intercambio Científico y Extensión Universitaria,
Fecha de publicación, distribución, etc. 1976.
300 ## - DESCRIPCIÓN FÍSICA
Extensión 19 p. :
Otras características físicas il. ;
Dimensiones 24 cm.
502 ## - NOTA DE TESIS
Nota de tesis Resumen de tesis­Universidad de Barcelona.
504 ## - NOTA DE BIBLIOGRAFÍA, ETC.
Nota de bibliografía, etc. Bibliografía: p. 16.
650 04 - PUNTO DE ACCESO ADICIONAL DE MATERIA--TÉRMINO DE MATERIA
Término de materia o nombre geográfico como elemento de entrada Partículas (Física nuclear)
9 (RLIN) 15856
710 2# - ENTRADA AGREGADA--NOMBRE DE ENTIDAD CORPORATIVA
Nombre de entidad corporativa o nombre de jurisdicción como elemento de entrada Universidad de Barcelona.
9 (RLIN) 7141
852 ## - LOCALIZACIÓN
Ubicación ES-MaACL
Número de control de estantería E-15362(167)
Holdings
Estatus retirado Estado de pérdida Estado de daño No para préstamo Biblioteca de origen Biblioteca actual Ubicación en estantería Fecha de adquisición Fuente de adquisición Total de préstamos Signatura topográfica completa Código de barras Visto por última vez Precio de reemplazo Tipo de ítem Koha
        Biblioteca del Ateneo de Madrid Biblioteca del Ateneo de Madrid Depósito 2 19/06/2012     E-15362(167) 1189799 23/02/2023 23/02/2023 Libro impreso